[Event "Charlesbourg Keres"]
[Site "Charlesbourg CAN"]
[Date "2012.04.09"]
[Round "3"]
[White "Tremblay, Rejean"]
[Black "Beaudoin, Stephane"]
[Result "1/2-1/2"]
[WhiteElo "2240"]
[BlackElo "2050"]
[PlyCount "86"]
[GameId "2160767909509965"]
[EventDate "2012.03.26"]
[EventType "swiss"]
[EventRounds "5"]
[EventCountry "CAN"]
[SourceTitle "EXT 2022"]
[Source "ChessBase"]
[SourceDate "2021.10.06"]
[SourceVersion "1"]
[SourceVersionDate "2021.10.06"]
[SourceQuality "1"]

1. d4 Nf6 2. c4 g6 3. Nc3 Bg7 4. Nf3 O-O 5. e4 d6 6. Be2 Nc6 7. d5 Nb8 8. O-O Na6 9. Re1 c6 10. e5 dxe5 11. dxc6 e4 12. Nd4 Nb4 13. cxb7 Bxb7 14. Be3 Nd3 15. Bxd3 exd3 16. Rb1 Qc8 17. Qxd3 e5 18. Nb3 Qg4 19. Qf1 Qh5 20. f3 e4 21. Nxe4 Nxe4 22. fxe4 Bxe4 23. Rbd1 Rad8 24. Rxd8 Rxd8 25. Nc5 Bc6 26. b4 Re8 27. Bf2 Rxe1 28. Qxe1 Qg4 29. Qf1 Be5 30. Nd3 Bc7 31. b5 Be4 32. c5 Qh5 33. h3 Qd5 34. Ne1 Qxa2 35. b6 axb6 36. cxb6 Be5 37. Qb5 Qb2 38. Qxb2 Bxb2 39. Nf3 Kf8 40. Ng5 Bd5 41. Nxh7+ Ke7 42. Ng5 Kd7 43. Nf3 Kc6 1/2-1/2

[Event "Charlesbourg Keres"]
[Site "Charlesbourg CAN"]
[Date "2012.04.16"]
[Round "3"]
[White "Lapierre, Gaetan"]
[Black "Boulianne, Gabriel"]
[Result "0-1"]
[WhiteElo "1763"]
[BlackElo "1773"]
[PlyCount "60"]
[GameId "2160767909509966"]
[EventDate "2012.03.26"]
[EventType "swiss"]
[EventRounds "5"]
[EventCountry "CAN"]
[SourceTitle "EXT 2022"]
[Source "ChessBase"]
[SourceDate "2021.10.06"]
[SourceVersion "1"]
[SourceVersionDate "2021.10.06"]
[SourceQuality "1"]

1. d4 Nf6 2. c4 e6 3. Nc3 Bb4 4. Bd2 c5 5. d5 exd5 6. Nxd5 Nxd5 7. cxd5 Bxd2+ 8. Qxd2 d6 9. e4 f5 10. exf5 Bxf5 11. Bb5+ Nd7 12. Ne2 O-O 13. O-O Ne5 14. f4 Ng4 15. h3 Nf6 16. Bd3 Bxd3 17. Qxd3 Qb6 18. Kh2 Rae8 19. b3 Re7 20. g4 Kh8 21. Ng3 Rfe8 22. g5 Re3 23. Qf5 Ne4 24. Rfe1 c4 25. Nxe4 R3xe4 26. Kg3 Re3+ 27. Kg4 cxb3 28. Qd7 Rf8 29. f5 Qd4+ 30. Kh5 Rxh3# 0-1

[Event "Charlesbourg Keres"]
[Site "Charlesbourg CAN"]
[Date "2012.04.16"]
[Round "4"]
[White "Beaudoin, Stephane"]
[Black "Lessard, Claude"]
[Result "1-0"]
[WhiteElo "2049"]
[BlackElo "2030"]
[PlyCount "77"]
[GameId "2160767909509967"]
[EventDate "2012.03.26"]
[EventType "swiss"]
[EventRounds "5"]
[EventCountry "CAN"]
[SourceTitle "EXT 2022"]
[Source "ChessBase"]
[SourceDate "2021.10.06"]
[SourceVersion "1"]
[SourceVersionDate "2021.10.06"]
[SourceQuality "1"]

1. e4 c6 2. d4 d5 3. e5 Bf5 4. h4 h5 5. Bg5 Qb6 6. Bd3 Bxd3 7. Qxd3 e6 8. Nf3 Qxb2 9. O-O Qxa1 10. Qb3 Nd7 11. Nbd2 Qxf1+ 12. Kxf1 f6 13. Bf4 b5 14. Qc3 Ne7 15. exf6 gxf6 16. Bd6 Bh6 17. Nb3 Rc8 18. Qa5 Nf5 19. Bc5 Bf8 20. Qxa7 Bxc5 21. dxc5 e5 22. Na5 Ne7 23. Qb7 Nxc5 24. Qa7 Ne4 25. Ne1 Kf7 26. Nb3 Ra8 27. Qd7 Rhd8 28. Qh3 Rxa2 29. f3 Nd6 30. Nc5 f5 31. Qg3 e4 32. Qg5 Rh8 33. Nd7 Ne8 34. fxe4 dxe4 35. Qg3 Ra7 36. Qb3+ Nd5 37. Ne5+ Ke6 38. Nxc6 Rb7 39. Nd8+ 1-0

[Event "Charlesbourg Keres"]
[Site "Charlesbourg CAN"]
[Date "2012.04.16"]
[Round "4"]
[White "Poliquin, Yvone"]
[Black "Fecteau, Martin"]
[Result "0-1"]
[WhiteElo "1980"]
[BlackElo "1980"]
[PlyCount "150"]
[GameId "2160767909509968"]
[EventDate "2012.03.26"]
[EventType "swiss"]
[EventRounds "5"]
[EventCountry "CAN"]
[SourceTitle "EXT 2022"]
[Source "ChessBase"]
[SourceDate "2021.10.06"]
[SourceVersion "1"]
[SourceVersionDate "2021.10.06"]
[SourceQuality "1"]

1. e4 c5 2. Nf3 e6 3. d4 cxd4 4. Nxd4 Nc6 5. Nb5 d6 6. Bf4 e5 7. Be3 a6 8. N5c3 Be6 9. Nd2 Nf6 10. Bg5 Be7 11. Bxf6 Bxf6 12. Nc4 Nd4 13. Ne3 Qa5 14. Bd3 Bg5 15. O-O O-O 16. Nf5 Bxf5 17. exf5 d5 18. Qg4 Bf6 19. f3 Rfd8 20. Kh1 Rac8 21. Rac1 b5 22. Nd1 Qd2 23. Nc3 Qh6 24. a3 Bg5 25. Rcd1 Bf6 26. Rf2 Qe3 27. Qg3 Rc6 28. Rdf1 Qh6 29. Qg4 Qe3 30. h4 Bxh4 31. g3 Be7 32. Rh2 Rh6 33. Rxh6 Qxh6+ 34. Kg2 Qd2+ 35. Rf2 Qc1 36. Ne2 Nxe2 37. Rxe2 Bc5 38. f6 g6 39. Qh4 Qg1+ 40. Kh3 Qh1+ 41. Rh2 Qxf3 42. Be2 Qf5+ 43. g4 Qf4 44. Rg2 g5 45. Qh6 Bf8 46. Qh5 Qxf6 47. Rf2 Qg6 48. Qxg6+ hxg6 49. a4 bxa4 50. Bxa6 Rb8 51. c3 Rb6 52. Bc8 a3 53. bxa3 Rc6 54. Bb7 Rxc3+ 55. Kg2 d4 56. Bd5 Rc7 57. a4 Bb4 58. Rf3 Kg7 59. Rb3 Ba5 60. Rb5 Ra7 61. Be4 Kf6 62. Kf2 Bc7 63. Rb4 Ke6 64. Bc2 f5 65. Rc4 Kd5 66. Rb4 Ra5 67. gxf5 gxf5 68. Bxf5 e4 69. Ke2 Bd6 70. Rb5+ Rxb5 71. axb5 Ke5 72. Bg6 Bc5 73. Bh5 Kf4 74. Bg6 g4 75. Bf7 d3+ 0-1

[Event "Charlesbourg Keres"]
[Site "Charlesbourg CAN"]
[Date "2012.04.16"]
[Round "4"]
[White "Tremblay, Rejean"]
[Black "Plante, Rejean"]
[Result "1/2-1/2"]
[WhiteElo "2240"]
[BlackElo "2017"]
[PlyCount "141"]
[GameId "2160767909509969"]
[EventDate "2012.03.26"]
[EventType "swiss"]
[EventRounds "5"]
[EventCountry "CAN"]
[SourceTitle "EXT 2022"]
[Source "ChessBase"]
[SourceDate "2021.10.06"]
[SourceVersion "1"]
[SourceVersionDate "2021.10.06"]
[SourceQuality "1"]

1. d4 Nf6 2. c4 e6 3. Nc3 Bb4 4. Qc2 c5 5. dxc5 Bxc5 6. Nf3 Nc6 7. Bg5 h6 8. Bh4 Be7 9. O-O-O Qa5 10. e3 a6 11. Kb1 O-O 12. Nd4 Qh5 13. Nxc6 bxc6 14. Bg3 Qa5 15. Be2 d5 16. f3 dxc4 17. e4 Bb4 18. Bxc4 Nd7 19. Rc1 e5 20. a3 Be7 21. Qa4 Qb6 22. Qb3 Qa7 23. Qc2 Rb8 24. Ka2 Bg5 25. Rb1 Re8 26. Rhd1 Qc5 27. Na4 Qe7 28. Bf2 Qf8 29. Rd3 Be7 30. Rbd1 Nf6 31. Bg3 Bd8 32. Bxe5 Rxe5 33. Rxd8 Re8 34. R8d6 Nd5 35. Bxd5 cxd5 36. Rb6 Rxb6 37. Nxb6 dxe4 38. Nxc8 Rxc8 39. Qxe4 Qc5 40. Rd5 Qf2 41. f4 Rb8 42. Qe5 Qb6 43. Qd4 Qb3+ 44. Ka1 Qc2 45. Rd8+ Rxd8 46. Qxd8+ Kh7 47. Qd5 Qc1+ 48. Ka2 Qxf4 49. Qd3+ g6 50. Qxa6 Qxh2 51. Qc6 h5 52. a4 Qe5 53. b3 g5 54. Qc4 Kg7 55. b4 Qg3 56. Qd5 Qf2+ 57. Kb3 Qg3+ 58. Kc4 Qc7+ 59. Qc5 Qg3 60. Qc6 h4 61. a5 g4 62. a6 h3 63. gxh3 Qf4+ 64. Kb5 Qf1+ 65. Kb6 g3 66. Qc3+ Qf6+ 67. Qxf6+ Kxf6 68. a7 g2 69. a8=Q g1=Q+ 70. Ka6 Qa1+ 71. Kb7 1/2-1/2

[Event "Charlesbourg Keres"]
[Site "Charlesbourg CAN"]
[Date "2012.04.23"]
[Round "5"]
[White "Plante, Rejean"]
[Black "Beaudoin, Stephane"]
[Result "1/2-1/2"]
[WhiteElo "2030"]
[BlackElo "2049"]
[PlyCount "138"]
[GameId "2160767909509970"]
[EventDate "2012.03.26"]
[EventType "swiss"]
[EventRounds "5"]
[EventCountry "CAN"]
[SourceTitle "EXT 2022"]
[Source "ChessBase"]
[SourceDate "2021.10.06"]
[SourceVersion "1"]
[SourceVersionDate "2021.10.06"]
[SourceQuality "1"]

1. d4 Nf6 2. c4 g6 3. Nc3 Bg7 4. e4 d6 5. h3 O-O 6. Nf3 c5 7. Be3 cxd4 8. Nxd4 Na6 9. Be2 Nc5 10. Qc2 a6 11. O-O Ne8 12. Rad1 Bd7 13. b4 Ne6 14. Nb3 Bc6 15. Nd5 Bxd5 16. cxd5 Rc8 17. Qb1 N6c7 18. a4 Qd7 19. Qa2 e6 20. Na5 exd5 21. exd5 Nf6 22. Nxb7 Rb8 23. Nxd6 Rxb4 24. Nc4 Qxa4 25. Qxa4 Rxa4 26. d6 Ne6 27. d7 Ne4 28. Nb6 Rb4 29. Bxa6 Nc3 30. Rd3 Ne2+ 31. Kh1 N2f4 32. Rdd1 Bd4 33. Nc8 Bxe3 34. fxe3 Nh5 35. Kg1 Ng3 36. Ne7+ Kg7 37. Rf3 Ne4 38. Nc6 Ra4 39. Bb7 Nd8 40. Nxd8 Rxd8 41. Bc8 Nc5 42. Rd5 Ne6 43. Rf1 Kf8 44. Rc1 Ra7 45. Rc4 Nc7 46. Re5 Ne6 47. g4 Ra1+ 48. Kg2 Rd1 49. g5 Ke7 50. Rh4 Rd2+ 51. Kf3 Kd6 52. Ra5 Rd5 53. Rxd5+ Kxd5 54. Rg4 Ke5 55. h4 Rf8 56. Ba6 Kd6 57. Bb5 f6 58. gxf6 Rxf6+ 59. Ke2 Rf8 60. Rc4 Nc5 61. e4 Ne6 62. Rc8 Nd8 63. Ke3 Ke7 64. Rc5 Rf6 65. e5 Rb6 66. Rd5 h6 67. Ke4 Ne6 68. Rd6 Rxd6 69. exd6+ Kxd6 1/2-1/2

[Event "Charlesbourg Khalif"]
[Site "Charlesbourg CAN"]
[Date "2012.02.13"]
[Round "1"]
[White "Beauchesne, Jonathan"]
[Black "Beaudoin, Stephane"]
[Result "0-1"]
[WhiteElo "1634"]
[BlackElo "2034"]
[PlyCount "68"]
[GameId "2160767909576497"]
[EventDate "2012.02.13"]
[EventType "swiss"]
[EventRounds "5"]
[EventCountry "CAN"]
[SourceTitle "EXT 2022"]
[Source "ChessBase"]
[SourceDate "2021.10.06"]
[SourceVersion "1"]
[SourceVersionDate "2021.10.06"]
[SourceQuality "1"]

1. e4 g6 2. d4 Bg7 3. Nf3 Nf6 4. Bd3 O-O 5. O-O d6 6. h3 Nc6 7. Bd2 e5 8. dxe5 dxe5 9. Nc3 Be6 10. Qc1 Qe7 11. Bg5 Rad8 12. a3 a6 13. Qe3 Rfe8 14. Rfe1 Qf8 15. Rad1 h6 16. Bh4 g5 17. Nxg5 hxg5 18. Bxg5 Rd6 19. Qg3 Nh7 20. Bd2 Kh8 21. Nd5 Bh6 22. Qh4 Bd7 23. Nxc7 Rc8 24. Nd5 Bxd2 25. Rxd2 Rh6 26. Qg3 Bxh3 27. Bf1 Be6 28. Red1 Qg7 29. Qxg7+ Kxg7 30. Ne3 Ng5 31. f3 Nd4 32. Rf2 Rch8 33. g4 Ngxf3+ 34. Kg2 Ng5 0-1

[Event "Charlesbourg Khalif"]
[Site "Charlesbourg CAN"]
[Date "2012.02.13"]
[Round "1"]
[White "Bonneau, Daniel"]
[Black "Lapointe, Daniel"]
[Result "1-0"]
[WhiteElo "2061"]
[BlackElo "1680"]
[PlyCount "105"]
[GameId "2160767909576498"]
[EventDate "2012.02.13"]
[EventType "swiss"]
[EventRounds "5"]
[EventCountry "CAN"]
[SourceTitle "EXT 2022"]
[Source "ChessBase"]
[SourceDate "2021.10.06"]
[SourceVersion "1"]
[SourceVersionDate "2021.10.06"]
[SourceQuality "1"]

1. d4 Nf6 2. Nf3 b6 3. c4 e6 4. a3 Bb7 5. Nc3 Be7 6. d5 exd5 7. cxd5 O-O 8. e4 d6 9. Be2 Nbd7 10. h3 Ne5 11. Nd4 Re8 12. O-O Bf8 13. Qc2 g6 14. Bg5 h6 15. Bh4 Bg7 16. Rac1 c5 17. dxc6 Nxc6 18. Nxc6 Bxc6 19. Rfd1 Rc8 20. f3 Qc7 21. Bg3 Red8 22. Ba6 Ba8 23. Bxc8 Qxc8 24. Qb3 g5 25. Nd5 Nxd5 26. exd5 Qf5 27. Re1 Bf6 28. Re2 Be5 29. Bxe5 dxe5 30. Qd3 Qf6 31. d6 Qe6 32. Rcc2 e4 33. Qc4 exf3 34. Qxe6 fxe6 35. d7 Kf8 36. gxf3 Ke7 37. Rc7 Bxf3 38. Rd2 Be4 39. Rd4 Bf5 40. Rxa7 e5 41. Rd5 Ke6 42. Rb5 Bxh3 43. Rxb6+ Ke7 44. Rxh6 Bf5 45. b4 Rxd7 46. Rxd7+ Bxd7 47. Kf2 Bf5 48. Kf3 Bc2 49. Kg4 e4 50. Kxg5 e3 51. Rh3 Kd7 52. Rxe3 Ba4 53. Rc3 1-0

[Event "Charlesbourg Khalif"]
[Site "Charlesbourg CAN"]
[Date "2012.02.13"]
[Round "1"]
[White "Cote, Jocelyn"]
[Black "Tremblay, Rejean"]
[Result "0-1"]
[WhiteElo "1731"]
[BlackElo "2243"]
[PlyCount "60"]
[GameId "2160767909576499"]
[EventDate "2012.02.13"]
[EventType "swiss"]
[EventRounds "5"]
[EventCountry "CAN"]
[SourceTitle "EXT 2022"]
[Source "ChessBase"]
[SourceDate "2021.10.06"]
[SourceVersion "1"]
[SourceVersionDate "2021.10.06"]
[SourceQuality "1"]

1. e4 c5 2. Nc3 d6 3. f4 g6 4. Nf3 Bg7 5. Bb5+ Bd7 6. Bc4 Nc6 7. O-O Na5 8. Qe2 Nxc4 9. Qxc4 Nh6 10. e5 O-O 11. b4 b5 12. Nxb5 Qb6 13. a4 a6 14. bxc5 axb5 15. Qxf7+ Nxf7 16. cxb6 bxa4 17. d4 Rab8 18. Rb1 Rfc8 19. Re1 Bf5 20. Ba3 Bxc2 21. Rbc1 Bb3 22. Rxc8+ Rxc8 23. e6 Nd8 24. Bxd6 exd6 25. e7 Ne6 26. g4 Kf7 27. f5 gxf5 28. gxf5 Bd5 29. fxe6+ Kxe7 30. Kf2 Rf8 0-1

[Event "Charlesbourg Khalif"]
[Site "Charlesbourg CAN"]
[Date "2012.02.13"]
[Round "1"]
[White "Lessard, Claude"]
[Black "Thibault, Jim"]
[Result "1/2-1/2"]
[WhiteElo "1999"]
[BlackElo "1599"]
[PlyCount "50"]
[GameId "2160767909576500"]
[EventDate "2012.02.13"]
[EventType "swiss"]
[EventRounds "5"]
[EventCountry "CAN"]
[SourceTitle "EXT 2022"]
[Source "ChessBase"]
[SourceDate "2021.10.06"]
[SourceVersion "1"]
[SourceVersionDate "2021.10.06"]
[SourceQuality "1"]

1. Nf3 Nf6 2. g3 d5 3. Bg2 Bf5 4. O-O e6 5. d3 h6 6. Nbd2 Bd6 7. c4 c6 8. a3 a5 9. b3 O-O 10. Bb2 Nbd7 11. Re1 Nb6 12. Rc1 dxc4 13. e4 cxd3 14. exf5 exf5 15. Nc4 Bc7 16. Bxf6 Qxf6 17. Nxb6 Bxb6 18. Qxd3 Rad8 19. Qc3 Qd6 20. a4 f4 21. Ne5 Qd2 22. Qf3 fxg3 23. hxg3 Qg5 24. Nc4 Bc5 25. Re5 Qxc1+ 1/2-1/2

[Event "Charlesbourg Khalif"]
[Site "Charlesbourg CAN"]
[Date "2012.02.13"]
[Round "1"]
[White "Robitaille, Serge"]
[Black "Plante, Rejean"]
[Result "0-1"]
[WhiteElo "1580"]
[BlackElo "1980"]
[PlyCount "98"]
[GameId "2160767909576501"]
[EventDate "2012.02.13"]
[EventType "swiss"]
[EventRounds "5"]
[EventCountry "CAN"]
[SourceTitle "EXT 2022"]
[Source "ChessBase"]
[SourceDate "2021.10.06"]
[SourceVersion "1"]
[SourceVersionDate "2021.10.06"]
[SourceQuality "1"]

1. e4 c5 2. d3 Nc6 3. Nc3 g6 4. g3 Bg7 5. Bg2 e6 6. Nge2 Nge7 7. O-O O-O 8. Be3 Nd4 9. f4 d6 10. Qd2 Rb8 11. Bxd4 cxd4 12. Nb5 Nc6 13. a4 a6 14. Na3 b5 15. axb5 axb5 16. e5 d5 17. c3 b4 18. cxb4 Nxb4 19. Nxd4 Qb6 20. Nab5 Nc6 21. Qf2 Nxd4 22. Nxd4 f6 23. Rfc1 fxe5 24. Nc6 Qxf2+ 25. Kxf2 Rxb2+ 26. Kg1 exf4 27. Ne7+ Kh8 28. Rxc8 Rxc8 29. Nxc8 Rxg2+ 30. Kxg2 Bxa1 31. gxf4 Bd4 32. Ne7 Kg7 33. Nc6 Bb2 34. Kf3 Kf6 35. d4 g5 36. fxg5+ Kxg5 37. Nd8 Kf6 38. Nc6 h5 39. h3 Bc3 40. Ke2 Kg5 41. Kd3 Ba1 42. Ne5 Kh4 43. Nf3+ Kg3 44. Ng5 e5 45. dxe5 Bxe5 46. h4 Bf6 47. Nh7 Bxh4 48. Kd4 Be7 49. Kxd5 h4 0-1

[Event "Charlesbourg Khalif"]
[Site "Charlesbourg CAN"]
[Date "2012.02.20"]
[Round "2"]
[White "Bahadi, Khalid"]
[Black "Bonneau, Daniel"]
[Result "0-1"]
[WhiteElo "1899"]
[BlackElo "2061"]
[PlyCount "86"]
[GameId "2160767909576502"]
[EventDate "2012.02.13"]
[EventType "swiss"]
[EventRounds "5"]
[EventCountry "CAN"]
[SourceTitle "EXT 2022"]
[Source "ChessBase"]
[SourceDate "2021.10.06"]
[SourceVersion "1"]
[SourceVersionDate "2021.10.06"]
[SourceQuality "1"]

1. d4 Nf6 2. c4 g6 3. Nc3 Bg7 4. e4 d6 5. f4 c5 6. Nf3 cxd4 7. Nxd4 O-O 8. Be2 Nc6 9. Nxc6 bxc6 10. O-O Qc7 11. Qc2 d5 12. e5 Bf5 13. Bd3 Qb6+ 14. Kh1 Bxd3 15. Qxd3 dxc4 16. Qxc4 Ng4 17. Qe2 h5 18. h3 Nh6 19. Be3 Qb7 20. Kh2 Nf5 21. Bc5 h4 22. Rf2 Rfd8 23. e6 f6 24. Rd1 Qc7 25. Qg4 Rxd1 26. Nxd1 Kh7 27. Ne3 Nxe3 28. Qxh4+ Bh6 29. Bxe3 Kg7 30. Rf3 Qd6 31. g3 Rb8 32. b3 Qd1 33. Rf2 Qe1 34. Bxa7 Rd8 35. Qg4 Rd1 36. Qxd1 Qxd1 37. Bc5 Qd5 38. b4 Qxe6 39. a4 Kf7 40. a5 Qc4 41. h4 f5 42. Rd2 Bxf4 43. Rf2 Bd6 0-1

[Event "Charlesbourg Khalif"]
[Site "Charlesbourg CAN"]
[Date "2012.02.20"]
[Round "2"]
[White "Beaudoin, Stephane"]
[Black "Lamontagne, Danny"]
[Result "1-0"]
[WhiteElo "2041"]
[BlackElo "1899"]
[PlyCount "119"]
[GameId "2160767909576503"]
[EventDate "2012.02.13"]
[EventType "swiss"]
[EventRounds "5"]
[EventCountry "CAN"]
[SourceTitle "EXT 2022"]
[Source "ChessBase"]
[SourceDate "2021.10.06"]
[SourceVersion "1"]
[SourceVersionDate "2021.10.06"]
[SourceQuality "1"]

1. e4 c5 2. Nf3 g6 3. Bc4 Bg7 4. O-O Nc6 5. c3 Nf6 6. e5 Ng8 7. d4 d5 8. exd6 cxd4 9. cxd4 Qxd6 10. Nc3 Nxd4 11. Nxd4 Qxd4 12. Qb3 Be6 13. Bxe6 fxe6 14. Be3 Qd7 15. Rfd1 Qc8 16. Rac1 a6 17. Na4 Qb8 18. Nb6 Kf7 19. Nxa8 Qxa8 20. Rc7 Nf6 21. Bc5 Re8 22. Qa3 Nd5 23. Qf3+ Bf6 24. Rxd5 exd5 25. Qxd5+ Kf8 26. Qxb7 Qxb7 27. Rxb7 Rc8 28. b4 a5 29. a3 axb4 30. axb4 Bd4 31. Bxe7+ Kg8 32. Bg5 Rc2 33. Be3 Bxe3 34. fxe3 Re2 35. Re7 Rb2 36. Re4 Kf7 37. h3 Kf6 38. Kh2 Kf5 39. Rf4+ Ke5 40. Kg3 h5 41. Kf3 g5 42. Rc4 Kf5 43. g4+ hxg4+ 44. hxg4+ Ke5 45. Rc5+ Kf6 46. b5 Rb4 47. Rc6+ Kf7 48. b6 Kg7 49. Rc7+ Kf6 50. b7 Kg6 51. Ke2 Kf6 52. Kd3 Ke5 53. Kc3 Rb1 54. Re7+ Kd5 55. Rg7 Ke4 56. Rd7 Kxe3 57. Rd3+ Ke2 58. Rd2+ Ke3 59. Rb2 Rc1+ 60. Kb3 1-0

[Event "Charlesbourg Khalif"]
[Site "Charlesbourg CAN"]
[Date "2012.02.20"]
[Round "2"]
[White "Leblanc-Legault, Mathieu"]
[Black "Lessard, Claude"]
[Result "1/2-1/2"]
[WhiteElo "1350"]
[BlackElo "1999"]
[PlyCount "108"]
[GameId "2160767909576504"]
[EventDate "2012.02.13"]
[EventType "swiss"]
[EventRounds "5"]
[EventCountry "CAN"]
[SourceTitle "EXT 2022"]
[Source "ChessBase"]
[SourceDate "2021.10.06"]
[SourceVersion "1"]
[SourceVersionDate "2021.10.06"]
[SourceQuality "1"]

1. d4 Nf6 2. Nf3 c5 3. c3 cxd4 4. cxd4 g6 5. g3 Bg7 6. Bg2 O-O 7. Nc3 d6 8. O-O Nc6 9. Bg5 h6 10. Bxf6 Bxf6 11. Re1 a6 12. a3 Rb8 13. b4 Bg4 14. e3 Bg7 15. h3 Bd7 16. Rc1 Rc8 17. Qb3 e6 18. Rc2 Ne7 19. Rec1 Bc6 20. Ne1 Bxg2 21. Nxg2 b5 22. Ne4 Qd7 23. Rxc8 Rxc8 24. Rxc8+ Nxc8 25. Kh2 Nb6 26. Ne1 Qc6 27. Qc2 Nc4 28. Nd2 d5 29. Nd3 Qd6 30. Nb1 h5 31. h4 g5 32. Kg2 gxh4 33. gxh4 e5 34. Nxe5 Bxe5 35. dxe5 Qxe5 36. Qd3 Qg7+ 37. Kf1 Qf6 38. Qd4 Qf3 39. Nc3 Nxa3 40. Nxd5 Qh3+ 41. Ke2 Qg4+ 42. Qxg4+ hxg4 43. Nc7 Kg7 44. Nxa6 Kg6 45. Kd3 Kh5 46. Nc7 Kxh4 47. Ke4 Kg5 48. Nd5 Nc4 49. Nc3 f5+ 50. Kd5 Na3 51. Kc5 Nc2 52. Kxb5 f4 53. exf4+ Kxf4 54. Nd5+ Kf3 1/2-1/2

[Event "Charlesbourg Khalif"]
[Site "Charlesbourg CAN"]
[Date "2012.02.20"]
[Round "2"]
[White "Plante, Rejean"]
[Black "Lapierre, Gaetan"]
[Result "1-0"]
[WhiteElo "1975"]
[BlackElo "1797"]
[PlyCount "69"]
[GameId "2160767909576505"]
[EventDate "2012.02.13"]
[EventType "swiss"]
[EventRounds "5"]
[EventCountry "CAN"]
[SourceTitle "EXT 2022"]
[Source "ChessBase"]
[SourceDate "2021.10.06"]
[SourceVersion "1"]
[SourceVersionDate "2021.10.06"]
[SourceQuality "1"]

1. d4 d5 2. Nf3 Nf6 3. c4 c6 4. Nc3 e6 5. e3 Be7 6. Qc2 O-O 7. Bd2 Nbd7 8. cxd5 cxd5 9. Bd3 h6 10. O-O a6 11. Rfc1 Ne8 12. Ne2 g5 13. a4 f5 14. b4 Bd6 15. Bc3 Nef6 16. Ne5 Qe8 17. f3 Kg7 18. Ng3 Ng8 19. f4 g4 20. Be1 h5 21. Nf1 Ne7 22. a5 Ng6 23. Rab1 Nf6 24. b5 axb5 25. Bxb5 Qe7 26. Nd3 h4 27. Ne5 Bd7 28. Bxd7 Nxd7 29. Rxb7 Rfd8 30. Nc6 Qe8 31. Nxd8 Rxd8 32. Qc6 Bxf4 33. exf4 Nxf4 34. Rc2 e5 35. Bxh4 1-0

[Event "Charlesbourg Khalif"]
[Site "Charlesbourg CAN"]
[Date "2012.02.20"]
[Round "2"]
[White "Tremblay, Rejean"]
[Black "Doyon, Stephane"]
[Result "1-0"]
[WhiteElo "2243"]
[BlackElo "1822"]
[PlyCount "59"]
[GameId "2160767909576506"]
[EventDate "2012.02.13"]
[EventType "swiss"]
[EventRounds "5"]
[EventCountry "CAN"]
[SourceTitle "EXT 2022"]
[Source "ChessBase"]
[SourceDate "2021.10.06"]
[SourceVersion "1"]
[SourceVersionDate "2021.10.06"]
[SourceQuality "1"]

1. e4 Nf6 2. e5 Nd5 3. d4 d6 4. Nf3 Bg4 5. Be2 Nc6 6. c4 Nb6 7. exd6 exd6 8. O-O Be7 9. d5 Bxf3 10. Bxf3 Ne5 11. Be2 O-O 12. Nd2 Bf6 13. Rb1 a5 14. Qc2 Ng6 15. Ne4 Be5 16. f4 Bd4+ 17. Kh1 Nd7 18. f5 Nge5 19. Qd2 c5 20. Nxd6 Nf6 21. Nb5 Ne4 22. Qf4 Nf2+ 23. Rxf2 Bxf2 24. Qxf2 Re8 25. Bd2 Nc6 26. Bc3 Nb4 27. Ra1 Nc2 28. Rg1 Qe7 29. Bd3 Nb4 30. Bb1 1-0

[Event "Charlesbourg Khalif"]
[Site "Charlesbourg CAN"]
[Date "2012.02.27"]
[Round "3"]
[White "Beaudoin, Stephane"]
[Black "Tremblay, Rejean"]
[Result "0-1"]
[WhiteElo "2041"]
[BlackElo "2243"]
[PlyCount "112"]
[GameId "2160767909576507"]
[EventDate "2012.02.13"]
[EventType "swiss"]
[EventRounds "5"]
[EventCountry "CAN"]
[SourceTitle "EXT 2022"]
[Source "ChessBase"]
[SourceDate "2021.10.06"]
[SourceVersion "1"]
[SourceVersionDate "2021.10.06"]
[SourceQuality "1"]

1. e4 c5 2. Nf3 d6 3. d4 cxd4 4. Nxd4 Nf6 5. Nc3 a6 6. Be3 e5 7. Nb3 Be7 8. f3 Be6 9. Qd2 Nbd7 10. O-O-O O-O 11. g4 Rc8 12. h4 Qc7 13. g5 Nh5 14. Bh3 Rfd8 15. Bxe6 fxe6 16. Qg2 g6 17. Qg4 Nf8 18. Rh2 b5 19. Rhd2 b4 20. Ne2 a5 21. Kb1 d5 22. exd5 exd5 23. f4 d4 24. Bf2 a4 25. Na1 Nxf4 26. Nxf4 exf4 27. Bxd4 a3 28. Qf3 Ne6 29. Qb3 Qc4 30. bxa3 bxa3 31. Qxc4 Rxc4 32. c3 Nxd4 33. cxd4 h6 34. Nb3 hxg5 35. hxg5 Rd5 36. Rc2 Rxc2 37. Kxc2 Kf7 38. Kd3 Bxg5 39. Ke4 Rd8 40. Rc1 Re8+ 41. Kd5 Kf6 42. Nd2 Kf5 43. Rc6 Bf6 44. Rd6 g5 45. Nc4 f3 46. Rd7 Rd8 47. Nd6+ Kf4 48. Rf7 Rxd6+ 49. Kxd6 Kf5 50. Rc7 f2 51. Rc1 Bxd4 52. Kd5 Be3 53. Rh1 g4 54. Rh8 g3 55. Rf8+ Kg4 56. Ke4 g2 0-1

[Event "Charlesbourg Khalif"]
[Site "Charlesbourg CAN"]
[Date "2012.02.27"]
[Round "3"]
[White "Bonneau, Daniel"]
[Black "Plante, Rejean"]
[Result "0-1"]
[WhiteElo "2047"]
[BlackElo "1975"]
[PlyCount "110"]
[GameId "2160767909576508"]
[EventDate "2012.02.13"]
[EventType "swiss"]
[EventRounds "5"]
[EventCountry "CAN"]
[SourceTitle "EXT 2022"]
[Source "ChessBase"]
[SourceDate "2021.10.06"]
[SourceVersion "1"]
[SourceVersionDate "2021.10.06"]
[SourceQuality "1"]

1. d4 d5 2. c4 e6 3. Nc3 Nf6 4. cxd5 Nxd5 5. e4 Nxc3 6. bxc3 c5 7. Nf3 cxd4 8. cxd4 Bb4+ 9. Bd2 Be7 10. Be2 O-O 11. O-O b6 12. Bc3 Bb7 13. Bd3 Nc6 14. Qe2 Nb4 15. Bc4 Rc8 16. a3 Nc2 17. Qxc2 Rxc4 18. Nd2 Rc7 19. Qd3 Qc8 20. Rfc1 Ba6 21. Qe3 Bg5 22. Qxg5 Rxc3 23. Nf3 Qc4 24. Qd2 Rc8 25. Rxc3 Qxc3 26. Qxc3 Rxc3 27. Ne1 Bc4 28. f3 b5 29. Kf2 a5 30. Kg3 a4 31. Kf4 f6 32. h4 Kf7 33. g4 Ke7 34. g5 Kd6 35. gxf6 gxf6 36. e5+ fxe5+ 37. dxe5+ Kc5 38. Kg5 b4 39. axb4+ Kxb4 40. Kh6 a3 41. h5 a2 42. Kxh7 Kb3 43. h6 Kb2 44. Rd1 Rc1 45. Rd2+ Kc3 46. Rxa2 Bxa2 47. Ng2 Rg1 48. Ne3 Rg5 49. f4 Rg3 50. Nd1+ Kd4 51. Kh8 Bb1 52. h7 Rh3 53. Nf2 Rxh7+ 54. Kg8 Rh4 55. Kf7 Bf5 0-1

[Event "Charlesbourg Khalif"]
[Site "Charlesbourg CAN"]
[Date "2012.02.27"]
[Round "3"]
[White "Lessard, Claude"]
[Black "Lapointe, Daniel"]
[Result "1-0"]
[WhiteElo "1999"]
[BlackElo "1680"]
[PlyCount "41"]
[GameId "2160767909576509"]
[EventDate "2012.02.13"]
[EventType "swiss"]
[EventRounds "5"]
[EventCountry "CAN"]
[SourceTitle "EXT 2022"]
[Source "ChessBase"]
[SourceDate "2021.10.06"]
[SourceVersion "1"]
[SourceVersionDate "2021.10.06"]
[SourceQuality "1"]

1. d4 d5 2. Nf3 Nf6 3. e3 Bf5 4. c4 e6 5. Qb3 Qc8 6. Nh4 dxc4 7. Qa4+ Qd7 8. Qxd7+ Nbxd7 9. Nxf5 Bb4+ 10. Bd2 Bxd2+ 11. Nxd2 exf5 12. Bxc4 O-O 13. a4 Rfd8 14. O-O Nb6 15. Bd3 g6 16. a5 Nbd5 17. a6 b6 18. Rfc1 Nd7 19. Bb5 Rab8 20. Rc6 f6 21. Bc4 1-0